000 00926cam a2200241 4500
001 ABS61898
008 000000n2000 000 0 eng u
035 _a(Sirsi) u104331
100 _aBell, A
245 _aOld space, new face - converting offices to flexible use
260 _c2000
490 _aFlexible Working
_v5(2) January 2000 22-25 (4)
520 _aConsiders the conversion of existing office space to more flexible use taking factors such as openplan and closed office layout, lighting and decor, furniture storage and hotdesking and flexible working into consideration.
590 _aABS
650 _aOFFICES
650 _aRefurbishment
_96264
650 _aFLEXIBLE WORKSPACE
650 _aHOTDESKING
650 _aOPEN PLAN
650 _aBUILT ENVIRONMENT-BUILDING ELEMENTS-COMPLETE BUILDING ELEMENTS-WALLS-INTERNAL WALLS AND PARTITIONS
690 _aPROPERTY-COMMERCIAL PROPERTY
942 _n0
999 _c62594
_d62594